[Event "3.Mansfelder Schloss-Open"]
[Site "Schloss Mansfeld"]
[Date "2018.07.21"]
[Round "6.9"]
[White "Kalliwoda, Enrico"]
[Black "Hering, Sven"]
[Result "0-1"]
[WhiteElo "1782"]
[BlackElo "1903"]
[PlyCount "28"]
[EventDate "2018.??.??"]

1. d4 d5 2. c4 dxc4 3. Nc3 a6 4. a4 Nc6 5. e3 Na5 6. Nf3 Nf6 7. Ne5 Be6 8. g3
g6 9. Bg2 c6 10. e4 Nb3 11. Rb1 Nxd4 12. Be3 Nb3 13. O-O Bg7 14. Qc2 Nd7 0-1

[Event "3.Mansfelder Schloss-Open"]
[Site "Schloss Mansfeld"]
[Date "2018.07.21"]
[Round "6.10"]
[White "Naumann, Thomas"]
[Black "Zerfass, Otfried"]
[Result "0-1"]
[WhiteElo "1710"]
[BlackElo "1892"]
[PlyCount "44"]
[EventDate "2018.??.??"]

1. d4 c5 2. d5 d6 3. Nf3 g6 4. c4 Bg7 5. e3 e6 6. dxe6 Bxe6 7. Bd3 Ne7 8. O-O
O-O 9. Qc2 Nbc6 10. a3 a6 11. Bd2 Nf5 12. Bc3 Ne5 13. Nxe5 dxe5 14. Rd1 Qg5 15.
Nd2 Nh4 16. Bf1 f5 17. g3 f4 18. Ne4 Nf3+ 19. Kg2 Qh5 20. exf4 Bh3+ 21. Kh1
Bxf1 22. h4 Ne1 0-1

[Event "3.Mansfelder Schloss-Open"]
[Site "Schloss Mansfeld"]
[Date "2018.07.22"]
[Round "7.1"]
[White "Groebel, Aaron"]
[Black "Hartogh, Christian"]
[Result "1-0"]
[WhiteElo "2087"]
[BlackElo "1906"]
[PlyCount "51"]
[EventDate "2018.??.??"]

1. e4 c5 2. Nf3 d6 3. d4 cxd4 4. Nxd4 Nf6 5. Nc3 a6 6. Bc4 e6 7. Bb3 Nbd7 8.
O-O Nc5 9. Qe2 Be7 10. f4 O-O 11. g4 d5 12. e5 Nfe4 13. Nxe4 Nxe4 14. c3 b5 15.
Be3 Qc7 16. Rac1 Rb8 17. Rf3 Qd7 18. Rh3 f6 19. f5 fxe5 20. Nxe6 Bb7 21. Rd1
Rfc8 22. Qg2 Nc5 23. Bxd5 Nxe6 24. fxe6 Qd6 25. Qc2 e4 26. Bxb7 1-0

[Event "3.Mansfelder Schloss-Open"]
[Site "Schloss Mansfeld"]
[Date "2018.07.22"]
[Round "7.2"]
[White "Stanke, Achim"]
[Black "Baer, Soeren"]
[Result "0-1"]
[WhiteElo "2012"]
[BlackElo "2081"]
[PlyCount "120"]
[EventDate "2018.??.??"]

1. d4 Nf6 2. Nf3 e6 3. c4 Nc6 4. g3 Bb4+ 5. Nc3 O-O 6. Bg2 d6 7. O-O Bxc3 8.
bxc3 Re8 9. Qc2 e5 10. Rd1 Qe7 11. Be3 e4 12. Nd2 h6 13. h3 Rb8 14. Rab1 b6 15.
Qa4 Na5 16. Rb2 Bd7 17. Qa3 Nh7 18. Rdb1 f5 19. Qb4 g5 20. c5 d5 21. c4 Nc6 22.
Qc3 Nf6 23. cxb6 axb6 24. Rb5 Na5 25. R5b2 dxc4 26. Nxc4 Nd5 27. Qc1 Nc6 28.
Rb5 Ncb4 29. R5xb4 Nxb4 30. Ne5 Nd5 31. Qc4 Qe6 32. Bd2 c6 33. g4 Nf6 34. gxf5
Qxc4 35. Nxc4 Bxf5 36. Nd6 e3 37. Ra1 exd2 38. Nxf5 Rxe2 39. Kf1 Re6 40. Rd1
Rbe8 41. Ne3 Rf8 42. Rxd2 Rxe3 43. Bxc6 Rc3 44. d5 Rd8 45. Ba4 Rd6 46. Bb3 Kg7
47. Kg2 Rc5 48. Re2 Nxd5 49. Kf3 Rf6+ 50. Kg4 Rf4+ 51. Kg3 Rd4 52. Re8 Rc3+ 53.
Kh2 Nf4 54. Re7+ Kg6 55. Re1 Rxh3+ 56. Kg1 Rc3 57. Kh2 Rd2 58. Rf1 g4 59. Kg1
g3 60. f3 Nh3+ 0-1

[Event "3.Mansfelder Schloss-Open"]
[Site "Schloss Mansfeld"]
[Date "2018.07.22"]
[Round "7.3"]
[White "Glienke, Manfred"]
[Black "Meiwes, Thore"]
[Result "1-0"]
[WhiteElo "2250"]
[BlackElo "1794"]
[PlyCount "65"]
[EventDate "2018.??.??"]

1. Nf3 Nf6 2. c4 e6 3. Nc3 d5 4. e3 Be7 5. b3 O-O 6. Bb2 b6 7. Be2 Bb7 8. Qc2
Nbd7 9. Rg1 c5 10. g4 Rc8 11. g5 Ne8 12. Rg3 dxc4 13. bxc4 Bxf3 14. Bxf3 Bxg5
15. O-O-O Bh6 16. Rh3 Kh8 17. Bb7 Rb8 18. Ne2 Rxb7 19. Rxh6 Ndf6 20. Rh4 Rd7
21. Rg1 Rg8 22. Rg3 h6 23. Rgh3 a6 24. Ng3 Rd3 25. Ne4 Rd7 26. Nxf6 Nxf6 27.
Rf4 Qf8 28. Rxf6 gxf6 29. Bxf6+ Rg7 30. Rg3 Kg8 31. Rxg7+ Qxg7 32. Bxg7 Kxg7
33. Qb2+ 1-0

[Event "3.Mansfelder Schloss-Open"]
[Site "Schloss Mansfeld"]
[Date "2018.07.22"]
[Round "7.4"]
[White "Scheffner, Jarno"]
[Black "Schmidt, Alexander"]
[Result "0-1"]
[WhiteElo "1692"]
[BlackElo "1961"]
[PlyCount "76"]
[EventDate "2018.??.??"]

1. c4 Nf6 2. g3 c5 3. Bg2 Nc6 4. e3 e6 5. Ne2 d5 6. cxd5 exd5 7. d4 cxd4 8.
Nxd4 Be7 9. O-O O-O 10. h3 Nxd4 11. Qxd4 Be6 12. Nc3 Qd7 13. Rd1 Rfd8 14. Kh2
a6 15. b3 Rac8 16. Ne2 Ne4 17. Bxe4 Bf6 18. Qd3 dxe4 19. Qxd7 Rxd7 20. Nd4 Bxd4
21. Rxd4 Rxd4 22. exd4 Rc2 23. Be3 f5 24. g4 f4 25. Rc1 Rxa2 26. d5 Bxd5 27.
Rc8+ Kf7 28. Rc7+ Ke6 29. Bc5 e3 30. Re7+ Kf6 31. g5+ Kg6 32. Bd4 Rxf2+ 33. Kg1
Rg2+ 34. Kf1 Rxg5 35. Rxg7+ Kf5 36. Re7 Bxb3 37. Rxb7 Bc4+ 38. Ke1 Rg1# 0-1

[Event "3.Mansfelder Schloss-Open"]
[Site "Schloss Mansfeld"]
[Date "2018.07.22"]
[Round "7.5"]
[White "Zerfass, Otfried"]
[Black "Prior, Benjamin"]
[Result "0-1"]
[WhiteElo "1892"]
[BlackElo "1801"]
[PlyCount "76"]
[EventDate "2018.??.??"]

1. e4 e5 2. Nf3 Nc6 3. Bc4 Bc5 4. c3 Nf6 5. d3 d6 6. Nbd2 a5 7. h3 O-O 8. Bb3
Re8 9. Nf1 d5 10. Qe2 h6 11. Ng3 a4 12. Bc2 Qd6 13. O-O d4 14. Nh4 Ne7 15. c4
g5 16. Nf3 Ng6 17. Nf5 Bxf5 18. exf5 Nf4 19. Qd1 a3 20. Re1 Bb4 21. Rf1 c5 22.
Ba4 axb2 23. Bxb2 Rxa4 24. Qxa4 Nxd3 25. Rab1 e4 26. Nh2 b6 27. Ng4 Rb8 28.
Nxh6+ Kg7 29. Ng4 Nxg4 30. hxg4 Rh8 31. f4 exf3 32. f6+ Kg6 33. Rxf3 Qh2+ 34.
Kf1 Qh1+ 35. Ke2 Qxg2+ 36. Rf2 Qxf2+ 37. Kxd3 Qe3+ 38. Kc2 Rh2+ 0-1

[Event "3.Mansfelder Schloss-Open"]
[Site "Schloss Mansfeld"]
[Date "2018.07.22"]
[Round "7.6"]
[White "Hering, Sven"]
[Black "Suliga, Eckhard"]
[Result "1/2-1/2"]
[WhiteElo "1903"]
[BlackElo "1722"]
[PlyCount "43"]
[EventDate "2018.??.??"]

1. e4 e5 2. Qh5 Nc6 3. Bc4 g6 4. Qf3 Qe7 5. Ne2 Bg7 6. Nbc3 Nf6 7. d3 Nd4 8.
Nxd4 exd4 9. Nb5 d5 10. Bf4 O-O 11. Nxc7 dxc4 12. Nxa8 Bg4 13. Qg3 Rxa8 14. O-O
Be6 15. Qh4 Qc5 16. Bg5 Nd7 17. Be7 Qb5 18. f4 f5 19. e5 cxd3 20. cxd3 Qxd3 21.
Rfd1 Qe3+ 22. Qf2 1/2-1/2

[Event "3.Mansfelder Schloss-Open"]
[Site "Schloss Mansfeld"]
[Date "2018.07.22"]
[Round "7.7"]
[White "Leib, Britta"]
[Black "Krueger, Oliver"]
[Result "1-0"]
[WhiteElo "1872"]
[BlackElo "1581"]
[PlyCount "31"]
[EventDate "2018.??.??"]

1. e4 e5 2. Nf3 Nc6 3. Bc4 Bc5 4. c3 Nf6 5. O-O O-O 6. d4 exd4 7. cxd4 Bb6 8.
e5 Ne8 9. d5 Ne7 10. d6 cxd6 11. exd6 Ng6 12. Nc3 Kh8 13. Ng5 Ne5 14. Bb3 Bc5
15. Nce4 Qb6 16. Qh5 1-0

[Event "3.Mansfelder Schloss-Open"]
[Site "Schloss Mansfeld"]
[Date "2018.07.22"]
[Round "7.8"]
[White "Roeder, Phillip"]
[Black "Peschel, Andreas"]
[Result "0-1"]
[WhiteElo "2051"]
[BlackElo "2172"]
[PlyCount "82"]
[EventDate "2018.??.??"]

1. Nc3 g6 2. d4 Bg7 3. e4 c6 4. Be3 d5 5. e5 f6 6. f4 Nh6 7. h3 O-O 8. Qd2 fxe5
9. fxe5 Nf5 10. Bf2 e6 11. g4 Bh6 12. Qe2 Nh4 13. Be3 Bf4 14. Bxf4 Rxf4 15. Rh2
c5 16. O-O-O Qf8 17. Nb5 Nc6 18. Qe1 Bd7 19. Ne2 Nf3 20. Qg3 Nxh2 21. Nxf4 Nxf1
22. Rxf1 g5 23. h4 gxf4 24. Rxf4 Qg7 25. c3 cxd4 26. cxd4 Rf8 27. Nd6 Rxf4 28.
Qxf4 Nb4 29. Qd2 a5 30. a3 Nc6 31. g5 Qf8 32. h5 Qf1+ 33. Kc2 Qg1 34. Kc3 Qg3+
35. Kc2 Qg4 36. Kc3 b5 37. b4 axb4+ 38. axb4 Qg3+ 39. Kb2 Nxe5 40. Qc3 Nd3+ 41.
Ka1 Qe1+ 0-1

[Event "3.Mansfelder Schloss-Open"]
[Site "Schloss Mansfeld"]
[Date "2018.07.22"]
[Round "7.9"]
[White "Welz, Peter"]
[Black "Kalliwoda, Enrico"]
[Result "1-0"]
[WhiteElo "2031"]
[BlackElo "1782"]
[PlyCount "57"]
[EventDate "2018.??.??"]

1. e4 c5 2. Nc3 Nc6 3. g3 Nf6 4. Bg2 e5 5. d3 Be7 6. f4 exf4 7. Bxf4 d6 8. Nf3
O-O 9. O-O Be6 10. b3 Ng4 11. Nd5 Bxd5 12. exd5 Nce5 13. h3 Nxf3+ 14. Qxf3 Nf6
15. g4 Nd7 16. Rae1 f6 17. Re6 Ne5 18. Qe4 f5 19. gxf5 Bf6 20. Kh1 b5 21. c3 b4
22. cxb4 cxb4 23. Bxe5 Bxe5 24. Qxb4 Qg5 25. Qg4 Qd2 26. f6 Rf7 27. Re7 Raf8
28. Rxf7 Rxf7 29. Qc8+ 1-0

[Event "3.Mansfelder Schloss-Open"]
[Site "Schloss Mansfeld"]
[Date "2018.07.22"]
[Round "7.10"]
[White "Grosse-Honebrink, Brigitte"]
[Black "Markus, Roland"]
[Result "1/2-1/2"]
[WhiteElo "1903"]
[BlackElo "1659"]
[PlyCount "63"]
[EventDate "2018.??.??"]

1. d4 c6 2. c4 d5 3. cxd5 cxd5 4. Nf3 Nf6 5. Nc3 Bf5 6. Bf4 a6 7. e3 Nc6 8. Bd3
Bxd3 9. Qxd3 e6 10. O-O Bd6 11. Bg3 O-O 12. Rac1 Rc8 13. Na4 Bxg3 14. hxg3 Ne4
15. Qb3 Qe7 16. Nc3 f5 17. Ne2 g5 18. Qd3 h5 19. a3 Kg7 20. Ne5 Nxe5 21. dxe5
Nc5 22. Qd1 Rh8 23. b4 Nd7 24. f4 g4 25. Rxc8 Rxc8 26. Kf2 Nb6 27. Rh1 Kg6 28.
Qd3 Nc4 29. Nd4 Rh8 30. Rh4 Rc8 31. Rh1 Rh8 32. Rh4 1/2-1/2